000 00720nam a22002297a 4500
003 UA-OsUOA
001 49883
007 ta
008 20071012b un ||||| |||| 00| 0 ukr d
090 _a94(477)
_bО-76
942 _cBK
040 _aUA-OsUOA
_bukr
_cUA-OsUOA
_dUA-OsUOA
245 _aОстанній гетьман
_bювілейний збірник пам'яті Павла Скоропадського 1873 - 1945
_cвідп. ред. О. Лупанов
300 _a399 с.
955 _a3
041 _aukr
080 _a94(477)
020 _a5-7702-0649-7
260 _aК.
_bАкадемпрес
_c1993
650 7 _a9 Географія. Біографії. Історія
_2UDC
999 _c335979
_d335979